Študijný program akademický rok... Učiteľstvo pre 1. stupeň ZŠ
| Korporatívny autor: | |
|---|---|
| Médium: | Seriál |
| Jazyk: | slovenčina |
| Fyzický popis: | zv. tab. 21 cm |
| Vydavateľské údaje: |
Nitra
Pedagogická fakulta UKF
|
| ISBN: | 8080505314 (brož. : r. 2002/2003) 8080506159 (brož. : r. 2003/2004) 8080507244 (brož. : r. 2004/2005) |
| Predmet: |
MARC
| LEADER | 00000nas a2200000 a 4500 | ||
|---|---|---|---|
| 001 | vtls001477061 | ||
| 003 | SK-MaSNL | ||
| 005 | 20260228160550.0 | ||
| 008 | 040621cuuuu9999xo ar 0 0b0slo | ||
| 020 | |a 8080505314 (brož. : r. 2002/2003) | ||
| 020 | |a 8080506159 (brož. : r. 2003/2004) | ||
| 020 | |a 8080507244 (brož. : r. 2004/2005) | ||
| 035 | |a SNK000432361 | ||
| 040 | |a SNK |b slo |c SNK |e AACR2 | ||
| 041 | |a slo | ||
| 043 | |a e-xo--- | ||
| 044 | |a xo |c SK | ||
| 072 | 7 | |a 378 |x Vysoké školy |2 konspekt | |
| 080 | |a 371.3 | ||
| 080 | |a (437.6) | ||
| 080 | |a (036) | ||
| 080 | |a 378.4 | ||
| 110 | 2 | |a Univerzita Konštantína Filozofa v Nitre. |b Pedagogická fakulta |9 178350 | |
| 245 | 1 | |a Študijný program |b akademický rok... |c Univerzita Konštantína Filozofa v Nitre, Pedagogická fakulta |p Učiteľstvo pre 1. stupeň ZŠ | |
| 246 | 1 | 3 | |a Študijný program pre učiteľstvo pre 1. stupeň ZŠ |
| 260 | |a Nitra |b Pedagogická fakulta UKF | ||
| 300 | |a zv. |b tab. |c 21 cm | ||
| 310 | |a 1x ročne | ||
| 362 | 0 | |a 2002/2003- | |
| 500 | |a Do akademického roku 2001/2002 spracované ako monografia | ||
| 500 | |a Súčasťou podnázvu je označenie akademického roku | ||
| 500 | |a Popis podľa: R. 2002/2003 (vydané v r. 2002) | ||
| 610 | 0 | 7 | |a Univerzita Konštantína Filozofa v Nitre. |b Pedagogická fakulta |2 SNKKA |9 178350 |
| 650 | 0 | 7 | |a vysoké školy |z Slovensko |2 phsnk |9 266900 |
| 650 | 0 | 7 | |a štúdium a výučba |z Slovensko |2 phsnk |9 266901 |
| 650 | 0 | 7 | |a vysoké školy |2 konspekt |9 1277 |
| 655 | 7 | |a ročenky |2 SNK |9 57146 | |
| 655 | 7 | |a informačné publikácie |2 SNKPH |9 70181 | |
| 655 | 7 | |a ročenky |2 phsnk |9 57146 | |
| 910 | |a snk | ||
| 919 | |a 80-8050-531-4 | ||
| 919 | |a 80-8050-615-9 | ||
| 919 | |a 80-8050-724-4 | ||
| 999 | |c 2989 |d 4919 | ||
| 952 | |0 0 |1 0 |4 0 |7 0 |8 0 |a SNK |b SNK |d 2006-06-06 |i snk2006/11342 |l 0 |o snkČSD 677/E/2004-2005 D1 |p 17A0455352 |r 2026-02-21 20:03:27 |w 2026-02-21 |y PREZ | ||
| 952 | |0 0 |1 0 |4 0 |7 1 |8 0 |a SNK |b SNK |d 2006-06-06 |i snk2006/11341 |l 0 |o snkČSD 677/E/2004-2005 |p 17A0455351 |r 2026-02-21 20:08:39 |w 2026-02-21 |y NEVYP | ||
| 952 | |0 0 |1 0 |4 0 |7 0 |a SNK |b SNK |d 2004-06-21 |i snkPV 929/2004 |l 0 |o snkČSD 677/E/2002-2003 |p 17A0431269 |r 2005-01-02 00:00:00 |w 2026-02-21 |y PREZ | ||
| 952 | |0 0 |1 0 |4 0 |7 0 |a SNK |b SNK |d 2004-06-21 |i snkPV 930/2004 |l 0 |o snkČSD 677/E/2002-2003 D1 |p 17A0431270 |r 2005-01-02 00:00:00 |w 2026-02-21 |y PREZ | ||
| 952 | |0 0 |1 0 |4 0 |7 1 |8 0 |a SNK |b SNK |d 2005-04-11 |i snk2005/5800 |l 0 |o snkČSD 677/E/2003-2004 |r 2026-02-21 21:20:50 |w 2026-02-21 |y NEVYP | ||
| 952 | |0 0 |1 0 |4 0 |7 0 |8 0 |a SNK |b SNK |d 2005-04-11 |i snk2005/5801 |l 0 |o snkČSD 677/E/2003-2004 D1 |p 17A0446455 |r 2026-02-21 21:20:52 |w 2026-02-21 |y PREZ | ||


